Visualizzazione normale
Vista MARC
- Millé y Giménez, Juan,
di Personal Name
Records bibliografici associati: 1
001 - CONTROL NUMBER
- control field: 22620
003 - CONTROL NUMBER IDENTIFIER
- control field: IT-RoINE
005 - DATE AND TIME OF LATEST TRANSACTION
- control field: 20160216063147.0
008 - FIXED-LENGTH DATA ELEMENTS
- fixed length control field: 160216|| aca||aabn | a|a d
040 ## - CATALOGING SOURCE
- Original cataloging agency: IT-RoINE
- Transcribing agency: IT-RoINE
100 ## - HEADING--PERSONAL NAME
- Personal name: Millé y Giménez, Juan,
- Dates associated with a name: 1884-1945
670 ## - SOURCE DATA FOUND
- Source citation: Work cat.: (IT-RoINE)0: La vida y hechos de Estebanillo González :, 1956.